000 00574nam a2200205Ia 4500
008 180523s9999 xx 000 0 und d
020 _a978-981-9617-33-4
050 _aFIL KPM 1744
050 _b.A7N34 2015
100 _aNaganag, Edgar M.
245 0 _aStudent's manual on the new Philippine constitution /
245 0 _cEdgar M. Naganag.
260 _a[n. p.]
260 _bWiseman's Book Trading,
260 _c2015
300 _a241 pages :
300 _c22 cm.
500 _aIncludes bibliographical references.
650 _aPhilippines -- Constitution.
999 _c357861
_d357861